000 00713nam a22001817a 4500
999 _c535991
_d535991
003 NUST
038 _aIESE
082 _a628
_bTAR
100 _aAdnan Tariq
_930936
245 _aFresh water generation from saline & contaminated textile wastewater using an active solar still coupled with a solar pond system
_cAdnan Tariq
260 _aIslamabad
_bIESE (SCEE) NUST
_c2020
300 _a78p.
440 _aMS Environmental Engineering
_91549
500 _aThesis MS EE
650 _aEnvironmental Engineering
_91550
700 _4Dr. Yousuf Jamal (Supervisor)
942 _2ddc
_cTHE
_kIESE